Salon to biennial : (Record no. 6)
[ view plain ]
| 000 -LEADER | |
|---|---|
| fixed length control field | 00939cam a2200277 a 4500 |
| 001 - CONTROL NUMBER | |
| control field | 16643397 |
| 005 - DATE AND TIME OF LATEST TRANSACTION | |
| control field | 20231101141235.0 |
| 008 - FIXED-LENGTH DATA ELEMENTS--GENERAL INFORMATION | |
| fixed length control field | 110208m20089999enka b 001 0 eng d |
| 020 ## - INTERNATIONAL STANDARD BOOK NUMBER | |
| ISBN | 9780714844053 (v. 1) |
| 020 ## - INTERNATIONAL STANDARD BOOK NUMBER | |
| ISBN | 0714844055 (v. 1) |
| 040 ## - CATALOGING SOURCE (பட்டியலாக்க மூலம்) | |
| Original cataloging agency | NPL |
| Transcribing agency | NPL |
| Modifying agency | TXA |
| -- | BWX |
| -- | PUL |
| -- | VP@ |
| -- | IQU |
| -- | OSU |
| -- | VJA |
| -- | IMO |
| -- | CDX |
| -- | UBA |
| -- | GEBAY |
| -- | DLC |
| 082 04 - DDC Classification | |
| Class No. | 709.04 |
| DDC Edition Number | 22 |
| 245 00 - TITLE STATEMENT | |
| Title | Salon to biennial : |
| Remainder of title | exhibitions that made art history / |
| Statement of responsibility, etc. | conceived and edited by Phaidon editors and Bruce Altshuler ; introductory essay and chapter introductions by Bruce Altshuler. |
| 260 ## - PUBLICATION, DISTRIBUTION, ETC. | |
| Place of publication, distribution, etc. | London ; |
| -- | New York, N.Y. : |
| Name of publisher, distributor, etc. | Phaidon, |
| Date of publication, distribution, etc. | c2008- < > |
| 300 ## - PHYSICAL DESCRIPTION | |
| Extent (e.g. Volumes, Pages etc.) | v. <1 > : |
| 650 #0 - SUBJECT ADDED ENTRY--TOPICAL TERM | |
| Topical term or geographic name entry element | Art, Modern |
| 650 #0 - SUBJECT ADDED ENTRY--TOPICAL TERM | |
| Topical term or geographic name entry element | Art, Modern |
| 650 #0 - SUBJECT ADDED ENTRY--TOPICAL TERM | |
| Topical term or geographic name entry element | Art, Modern |
| 650 #0 - SUBJECT ADDED ENTRY--TOPICAL TERM | |
| Topical term or geographic name entry element | Art, Modern |
| 650 #7 - SUBJECT ADDED ENTRY--TOPICAL TERM | |
| Topical term or geographic name entry element | Exposições de arte (história) |
| 650 #7 - SUBJECT ADDED ENTRY--TOPICAL TERM | |
| Topical term or geographic name entry element | Arte moderna. |
| 650 #7 - SUBJECT ADDED ENTRY--TOPICAL TERM | |
| Topical term or geographic name entry element | Bienais de arte. |
| 650 07 - SUBJECT ADDED ENTRY--TOPICAL TERM | |
| Topical term or geographic name entry element | Kunstausstellung |
| 700 1# - ADDED ENTRY--PERSONAL NAME | |
| Personal name | Altshuler, Bruce. |
| 942 ## - Koha item type (Biblio) | |
| Koha item type | |
No items available.
